Normal view
MARC view
- Suleman Tahir Hamza Azam Raja Muazzam Ali Umair Nadeem
Entry Personal Name
001 - CONTROL NUMBER
- control field: 71475
003 - CONTROL NUMBER IDENTIFIER
- control field: NUST
005 - DATE AND TIME OF LATEST TRANSACTION
- control field: 20210628204636.0
008 - FIXED-LENGTH DATA ELEMENTS
- fixed length control field: 210628|| aca||aabn | a|a d
040 ## - CATALOGING SOURCE
- Original cataloging agency: NUST
- Transcribing agency: NUST
100 ## - HEADING--PERSONAL NAME
- Personal name: Suleman Tahir Hamza Azam Raja Muazzam Ali Umair Nadeem
670 ## - SOURCE DATA FOUND
- Source citation: Work cat.: (NUST): Suleman Tahir Hamza Azam Raja Muazzam Ali Umair Nadeem, PR-SOF-1783-SMARTPHONE BASED ECG MONITORING SYSTEM, 2019
